000 01320cam a2200217 4500
001 ##L130294
008 050712n2002 000 0 eng u
020 _a0415282942
035 _a(Sirsi) u130294
041 0 _aeng
050 0 4 _a526.982 $2 18
100 1 _aCampbell, James B.
245 0 0 _aIntroduction to remote sensing
250 _a3rd. ed.
260 3 _aLondon
_bTaylor and Francis
_c2002
300 _axxxi, 619p.
_bill
_c26cm.
350 _a30.99
520 _aIntroductory overview to the most widely used forms of remote sensing imagery and their applications in plant sciences, hydrology, earth sciences and land-use analysis. Part one: Foundations details the history and scope of remore sensing and electromagentic radiation. Part two: Image Acquisition covers photographic sensors, diigital data, image interpretation, land observation satellites, active microwave and lidar, thermal radiation and image resolution. Part three: Analysis includes preprocessing, image classification, field data, accuracy assessment and hyperspectral remote sensing. Part four: Applications includes GIS, plant, earth and hydrospheric sciences, land use/ land cover and global remote sensing. References.
690 _aENVIRONMENTAL AND LAND CONSULTANCY-GEOMATICS-PHOTOGRAMMETRY AND REMOTE SENSING
942 _n0
999 _c104432
_d104432